000 01244nam a2200241Ia 4500
003 Ost
005 20260507075236.0
008 260507s9999||||xx |||||||||||||| ||und||
040 _cfsecg
041 _aara
082 _a330
100 _aأحمد، علي محمد الحاج
_eمؤلف
245 0 _aإدارة التسويق /
_c علي محمد الحاج أحمد
260 _aعمان:
_bمكتبة المجتمع,
_c2010
300 _a241 صفحة؛
_bإيضاحات ؛
_c24 سم
504 _aمراجع ص.239
520 _aالمفهوم الحديث للتسويق بين النظرية و التطبيق ، تنظيم السوق ، التخطيط في التسويق ، نظم المعلومات التسويقية و بحوث التسويق ، مفهوم الاستراتيجية التسويقية ، استراتيجيات المنتجات ، إستراتيجية منافذ التسويق ، اتخاذ القرارات التسويقية ، تخطيط النشاط التسويقي ، تنظيم النشاط التسويقي .
653 _aأدارة المبيعات
653 _aالترويج
653 _aالتسويق
700 _aعودة، سمير حسين
_eمؤلف ثانوي
942 _cكتاب
999 _c43587
_d43587